000 00289nam a22001337a 4500
008 181015b xxu||||| |||| 00| 0 eng d
020 _a9780030247835
041 _aeng
080 _24th
_a510
100 _a38
101 _aMAT
245 _aTrigonometry
_cKeague,Ch.P
942 _2udc
_cBK
999 _c49672
_d49672